00482nam a22001697a 4500003000400000082001700004100002000021245007000041260008600111300000900197546001200206700001800218700001600236700001600252700001700268700002700285OSt aNIAEPR/PP 32 aNavven, P Singh aMainstreaming climate change adaptation into development planning aNew delhibNational institute of agricultural economics and policy researchc2017 a40p. aEnglish aArathy Ashok  aPavithra, S aBalaji, S J aBhawna Anand aMohd Arshad Khan, etc.